00928pam a2200277 i 4500999001500000001000800015003000400023005001700027008004100044010001300085020001700098040001800115082001800133092001400151100002600165240003200191245008700223260003500310300003200345500001900377504002900396630005700425740003200482942001300514952012300527 c2905d29053415167OSt20181019122408.0771019s1978 ilua b 001 0 eng  a77016582 a0802443079 : aDLCcDLCdCDC aREF 221bJ54J a221bJ54J1 aJensen, Irving Lester00aSurvey of the Old Testament10aJensen's survey of the Old Testament :bsearch and discover /cby Irving L. Jensen aChicago :bMoody Press,cc1978 aiv, 488 p. :bill. ;c24 cm aIncludes index aBibliography: p. 475-48500aBible.pOld TestamentxStudy and teachingxTextbooks01aSurvey of the Old Testament 2ddccREF 00102ddc40718REFaHMCbHMCcREFd2018-10-19g3500.00l0oREF 221 J54Jp000780r2018-10-19 00:00:00w2018-10-19yBK